Torino FC Squad 2020-2021 - Statistics

General Stats
  • This quiz has been taken 56 times
    33 since last reset
  • The average score is 21 of 33
Answer Stats
# Position Nation Player % Correct
9 FW Italy Andrea Belotti
96%
13 DF Switzerland Ricardo Rodríguez
96%
3 DF Brazil Gleison Bremer
92%
8 MF Italy Daniele Baselli
88%
4 DF Brazil Lyanco
88%
7 MF Serbia Saša Lukić
88%
32 GK Serbia Vanja Milinković-Savić
88%
88 MF Venezuela Tomás Rincón
84%
77 MF Poland Karol Linetty
80%
27 DF Kosovo Mërgim Vojvoda
80%
33 DF Cameroon Nicolas N'Koulou
80%
99 DF Italy Alessandro Buongiorno
76%
15 DF Argentina Cristian Ansaldi
76%
17 DF Ivory Coast Wilfried Singo
76%
5 DF Italy Armando Izzo
72%
39 GK Italy Salvatore Sirigu
72%
11 FW Italy Simone Zaza
72%
19 FW Paraguay Antonio Sanabria
68%
- Coach Italy Davide Nicola
52%
- Coach Italy Marco Giampaolo
52%
18 GK Kosovo Samir Ujkani
52%
20 FW Italy Simone Edera
52%
23 MF France Soualiho Meïté
52%
10 MF Bosnia and Herzegovina Amer Gojak
48%
24 MF Italy Simone Verdi
48%
38 MF Italy Rolando Mandragora
44%
22 FW Italy Vincenzo Millico
44%
45 DF Ecuador Erick Ferigra
36%
25 GK Italy Antonio Rosati
28%
26 FW Italy Federico Bonazzoli
28%
29 DF Italy Nicola Murru
28%
6 MF Italy Jacopo Segre
24%
80 MF France Michel Adopo
20%
No matching quizzes found
Score Distribution
Percent of People with Each Score
Percentile by Number Answered
Your Score History
You have not taken this quiz since the last reset